000 00299nam a22001337a 4500
008 210224b ||||| |||| 00| 0 eng d
020 _a9781578702404
041 _aeng
080 _a004
100 _a28
101 _aSHKI
245 _aNetwork Performance Baselining
_cNassar,D
942 _2udc
_cBK
999 _c55164
_d55164